Národohospodárske teórie študijná pomôcka k seminárom
Enregistré dans:
| Auteur principal: | |
|---|---|
| Collectivité auteur: | |
| Autres auteurs: | , , , , , , , , , |
| Format: | Livre |
| Langue: | slovaque |
| Publié: |
Bratislava
Edičné stredisko VŠE
1990
|
| Édition: | 1. vyd. |
| Tags: |
Pas de tags, Soyez le premier à ajouter un tag!
|
MARC
| LEADER | 00000nam a2200000 4500 | ||
|---|---|---|---|
| 001 | c035554 | ||
| 005 | 20230116104652.5 | ||
| 020 | |a 80-225-0162-X | ||
| 041 | 0 | |a slo | |
| 044 | |a SK | ||
| 245 | 1 | 0 | |a Národohospodárske teórie |b študijná pomôcka k seminárom |c kolektív |
| 250 | |a 1. vyd. | ||
| 264 | 1 | |a Bratislava |b Edičné stredisko VŠE |c 1990 | |
| 300 | |a 208 s. | ||
| 100 | 1 | |a Fogel, Jozef | |
| 700 | 1 | |a Hontyová, Kajetána | |
| 700 | 1 | |a Iša, Ján | |
| 700 | 1 | |a Kuľová, H. | |
| 700 | 1 | |a Lisý, Ján | |
| 700 | 1 | |a Masárová, Helena | |
| 700 | 1 | |a Mašláni, Juraj | |
| 700 | 1 | |a Šestáková, Monika | |
| 700 | 1 | |a Šíbl, Drahoš | |
| 700 | 1 | |a Táncošová, Judita | |
| 700 | 1 | |a Zbruž, Vladislav | |
| 710 | 2 | |a Vysoká škola ekonomická v Bratislave. Národohospodárska fakulta | |